Kombinierte Flaggen – Wie könnten die Länder heißen? - Statistiken

Allgemein
  • Dieses Quiz wurde 23 mal gespielt
  • Das Durchschnittsergebnis liegt bei 11 aus 12
Antwortstatistiken
Frage Antwort % Korrekt
Griechanon.png
Griechanon
100%
Spanada.png
Spanada
100%
Ugypten.png
Ugypten
100%
Zygentinien.png
Zygentinien
95%
Bhusilien.png
Bhusilien
89%
Islanka.png
Islanka
89%
Mexemburg.png
Mexemburg
89%
S-dmazedonien.png
Südmazedonien
89%
Tschettland.png
Tschettland
89%
Barbanama.png
Barbanama
84%
Bolibanien.png
Bolbanien
79%
Malorgien.png
Malorgien
79%
Keine übereinstimmenden Quizze gefunden
Verteilung der Resultate
Anzahl Personen mit jedem Resultat
Perzentil nach korrekt beantworteten Fragen
Ihre Resultats-Entwicklung
Sie haben dieses Quiz noch nicht gespielt